| 000 | 01106 a2200229 4500 | ||
|---|---|---|---|
| 001 | 56891 | ||
| 005 | 20260407155832.0 | ||
| 008 | 260407a2003 arg spa d | ||
| 003 | AR-UNSa-BCEJYS | ||
| 040 |
_aAR-UNSa-BCEJYS _bspa _cAR-UNSa-BCEJYS |
||
| 080 |
_a94(82) _xHistoria de Argentina |
||
| 245 | 1 | 0 | _aThe history of Argentina |
| 020 | _a1-4039-6254-5 | ||
| 264 | 1 |
_aNew York : _bPalgrave Macmillan _c2003 |
|
| 300 |
_a214 p. _c26 cm. |
||
| 505 | _a1. Argentina Today – 2. The Colonial Era (to 1800) – 3. Independence and the Construction of Argentina (1800–1880) – 4. Argentina’s “Golden Age” (1880– 1910) – 5. Democracy’s Appearance (1890–1943) – 6. Perón and Argentina (1943–1955) – 7. Under Perón’s Shadow (1955–1972) – 8. A Society at War – 9. Democracy's Fragile Return (1983 – 1995) – 10. A Country in Transition (1991 – 2001) | ||
| 041 | _aspa | ||
| 942 | _cBK | ||
| 590 | _aniveau_biblio:m niveau_hierar:0 | ||
| 100 | 1 | _aLewis, Daniel K. | |
| 856 | 4 | 1 |
_uhttps://biblioeco.unsa.edu.ar/pmb/images/libros/L128623.jpg _yImagen de portada _qimage/jpeg |
| 999 |
_c6062 _d6062 |
||